000 01122nam a22002057a 4500
005 20220411162402.0
008 220311b ||||| |||| 00| 0 eng d
020 _a9780840068286
040 _cAL
041 _aeng
082 _223
_a540.2461
_bARMG
100 _aJames Armstrong
_923403
245 _aGeneral organic and biochemistry
_ban applied approach
260 _aAustralia
_bBrooks/cole
_c2012
300 _axix,721p.
_bPB
_c27.5x21.5cm.
365 _2General
_aVBI-1345
_b₹4121.25
_c
_d₹5495.00
_e25%
_f21/02/2022
520 _aFocused, easy-to-understand, and packed with applications to medicine and health, this book is designed throughout to help you develop the problem-solving skills and understanding of health-related chemistry you'll need in your future career. The author takes an engaging problem-solving approach, illustrating key points through worked examples and walking you through each step in the problem-solving process. In addition, the book's end-of-chapter material serves as built-in study guide to help you review for quizzes and tests.
650 _2Chemistry
942 _2ddc
_cBK
999 _c221830
_d221830